00519nam a2200145Ia 4500008004100000245014000041260001700181260000900198300000900207650002300216650001200239856003000251999001900281952007300300170516s9999 xx 000 0 und d aGenetically Encoded Immunophotosensitizer 4D5scFv-miniSOG is a Highly Selective Agent for Targeted Photokilling of Tumor Cells in Vitro bTheranostics c2013 a3:11 xMedical Technology xMedtech uhttp://www.thno.org/v3i11 c330286d330286 001040aCLbCLd2017-05-16l0r2017-05-16 00:00:00w2017-05-16yFOJ